00757nam a2200169 a 450000100100000000500170001000800410002704000250006808200150009310000480010824501900015626000430034630000340038970000340042395201130045799900170057000003370620200930070446.0110906s1828 enkb 000 0 eng d aDO-SdBNPbspacBNPHU axxxbC193c1 aCampe, Joachim Heinrich,d1746-1818.95915610aColumbus, or the discovery of America :bas related by a father to his children and designed for the instruction of youth /ctranslated from the German of J.H. Campe by Elizabeth Helme. aLondon :bBaldwin and Craddock,c1828. aviii, 270 p. :bmap ;c18 cm.1 aHelme, Elizabeth,etr.959157 001050718RVaGRbGRcCTd2011-09-06iLF1l0oxxx C193cp33706-10r2020-06-25w2020-06-25y1ZNo se presta c33197d33197